[Event "ARG-ch Amateur U1700"]
[Site "Suipacha"]
[Date "2019.11.16"]
[Round "3.9"]
[White "Latashen, Maximo"]
[Black "Galliano, Pedro"]
[Result "1-0"]
[WhiteElo "1677"]
[BlackElo "1515"]
[PlyCount "56"]
[EventDate "2019.11.15"]
[EventType "swiss"]
[EventRounds "8"]
[EventCountry "ARG"]
[SourceTitle "EXT 2024"]
[Source "ChessBase"]
[SourceDate "2023.10.10"]
[SourceVersion "1"]
[SourceVersionDate "2023.10.10"]
[SourceQuality "1"]

1. d4 Nf6 2. Nf3 e6 3. Bf4 d5 4. Nbd2 c5 5. c3 Nc6 6. e3 Be7 7. h4 cxd4 8. exd4 Bd6 9. Bxd6 Qxd6 10. Bd3 Bd7 11. Qe2 Nh5 12. g3 f5 13. Bxf5 0-0-0 14. Bh3 Rhf8 15. 0-0-0 Nf6 16. Ne5 Rde8 17. Rde1 Qc7 18. Nxc6 Qxc6 19. f4 Qa4 20. Kb1 Bb5 21. Bxe6+ Kb8 22. Qf3 Ne4 23. Nxe4 dxe4 24. Qxe4 Bc4 25. b3 Rxe6 26. Qxe6 Bd3+ 27. Kb2 Qa6 28. Qe5+ Ka8 1-0